| 000 | 00983cam a22002891i 4500 | ||
|---|---|---|---|
| 003 | EG-ScBUE | ||
| 005 | 20240605092850.0 | ||
| 008 | 720209t1965 nyuac f 001 0deng d | ||
| 035 | _a(OCoLC)237312 | ||
| 040 |
_aDLC _beng _erda _cOUrC _dOCoLC _dDLC _dEG-ScBUE |
||
| 043 | _ae-ur--- | ||
| 082 | 0 | 4 |
_a947.0841 _222 _bKER |
| 100 | 1 |
_aKerensky, Aleksandr Fyodorovich, _d1881-1970, _eauthor. _99812 |
|
| 245 | 1 | 0 |
_aRussia and history's turning point / _cby Alexander Kerensky. |
| 264 | 1 |
_aNew York : _bDuell, Sloan and Pearce, _c[1965] |
|
| 264 | 4 | _cc1965 | |
| 300 |
_axvi, 558 pages : _billustrations, portraits ; _c24 cm |
||
| 336 |
_2rdacontent _atext _btxt |
||
| 337 |
_aunmediated _2rdamedia _bn |
||
| 338 |
_avolume _bnc _2rdacarrier |
||
| 500 | _aIncludes index. | ||
| 651 | 7 |
_aSoviet Union _xHistory _yRevolution, 1917-1921. _2BUEsh _99813 |
|
| 651 | 7 |
_aSoviet Union _xHistory. _2BUEsh _99814 |
|
| 655 | _vReading book | ||
| 942 |
_2ddc _cBB |
||
| 999 |
_c13018 _d13018 |
||